000 00786nam a2200229Ia 4500
008 220216s9999 xx 000 0 und d
100 _aThomas M.
245 0 _aDetection of drought responsive genes in Hevea brasiliensis using microarray hybridization technique
260 _bInternational Conference on New Horizons in Biotechnology and 4th BRSI convention, 26-29 November 2007, BRSI and NIIST, Trivandrum, pp.218.
_c2007
650 _aCDNA array hybridization
650 _aDifferential display RT-PCR
650 _aDifferential gene expression
650 _aDrought tolerance
700 _aBrigit G.
700 _aGeetha N.
700 _aJacob J.
700 _aJoseph J.
700 _aSaha T.
700 _aSathik M.B.M.
700 _aSchaeffner Anton
942 _cBS
999 _c49624
_d49624